| 000 | 00750nam a22001577a 4500 | ||
|---|---|---|---|
| 005 | 20251223102954.0 | ||
| 008 | 251223b |||||||| |||| 00| 0 eng d | ||
| 050 |
_aTHE HV 9279 .I78 2025 _bC.1 |
||
| 100 | _aIrungu, Veronica Njeri | ||
| 245 | _aEffectiveness of Counselling on Rehabilitation of Non-Custodial Offenders in Selected Probation Stations in Nairobi County, Kenya | ||
| 260 |
_aKisii _bKisii University _c2025 |
||
| 300 | _axix, 199p.:ill. | ||
| 500 | _aIncludes bibliographical references | ||
| 650 | _a1. Probation—Kenya—Nairobi. 2. Counseling in correctional institutions—Kenya. 3. Rehabilitation of offenders—Kenya. 4. Community-based corrections—Kenya. 5. Criminal justice, Administration of—Kenya. | ||
| 942 |
_2lcc _cREF |
||
| 999 |
_c216383 _d216383 |
||